000 00408nam a22001697a 4500
003 OSt
005 20260318162652.0
008 260318b |||||||| |||| 00| 0 Pun d
020 _a9788175990511
040 _cBGL
100 _aਗਾਰਗੀ ਬਲਵੰਤ
245 _aਲੋਕ ਨਾਟਕ
260 _aDelhi
_bNavyog Publishers
_c2016
300 _a212p
650 _aPunjabi
942 _2ddc
_cGB
999 _c44309
_d44309